Представление документа в формате RUSMARC

ПолеНазваниеЗначение
  Тип записи a
  Библиографический уровень m
001 Контрольный номер RU/SLIB/B/208705180
005 Дата корректировки 20201206203847.5
010 Индекс ISBN __
d Цена 35-00
101 Язык документа __
a Язык текста rus
200 Заглавие и сведения об ответственности 0_
a Заглавие Понять природу человека
f Первые сведения об ответственности пер. Е. А. Цыпина
b Общее обозначение материала Текст
210 Выходные данные __
a Место издания СПб.
c Издательство Акад. проект
d Дата издания 1997
215 Физическое описание __
a Объем 256 с.
225 Серия __
a Серия Библиотека зарубежной психологии
320 Библиография __
a Библиография Библиогp.: с. 250-252
606 Тематические рубрики __
a Основная рубрика Психология
606 Тематические рубрики __
a Основная рубрика Психология личности
606 Тематические рубрики __
a Основная рубрика Социальная психология
606 Тематические рубрики __
a Основная рубрика Психические процессы и состояния
610 Ключевые слова __
a Ключевые слова характеры; чувства; эмоции; психологи
686 Индексы других классификаций __
2 Код системы rubbks
a Классификационный индекс 88.37
686 Индексы других классификаций __
a Классификационный индекс 88.5; ст88 + ст88.5
700 Автор _1
a Фамилия Адлер
b Имя А.
4 Код отношения 070
801 Источник записи _0
a Страна RU
b Организация Муниципальное бюджетное учреждение культуры "Централизованная библиотечная система" г. Сургут (Центральная городская библиотека им. А. С. Пушкина)
g Правила каталогизации ОБ/Котельникова
801 Источник записи _1
a Страна RU
b Организация Муниципальное бюджетное учреждение культуры "Централизованная библиотечная система" г. Сургут (Центральная городская библиотека им. А. С. Пушкина)
g Правила каталогизации ОБ/Котельникова
852 Данные о местонахождении __
j Шифр хранения 88.37
c Каталожный индекс 88.37, 88.5
i Авторский знак А31
p Инвентарный номер 68318
901 Тип документа __
t Тип документа m
903 Характеристики (МАРС) __
a Дата передачи 20081029; 19980727
990 Данные о заказе (DOS) 00
j Количество экземпляров (DOS) 2